Integrating intellectual property rights and development policy (Registro nro. 3613)

Detalles MARC
000 -CABECERA
Campo de control 00602nam a2200193 a 4500
005 - FECHA Y HORA DE LA ULTIMA TRANSACCION
Campo de control 20160218144852.0
008 - ELEMENTOS DE LONGITUD FIJA—INFORMACION GENERAL
Campo de control 140312b2002 enka gr|||| 00| 0 eng d
040 ## - FUENTE DE CATALOGACIÓN
Agencia catalogadora original CO-BoIAVH
Agencia transcriptora CO-BoIAVH
041 ## - IDIOMA
Código de idioma para texto/pista de sonido o título separado Inglés
044 ## - PAÍS DE PUBLICACIÓN
País de publicación Inglaterra
082 04 - NUMERO DE CLASIFICACION DECIMAL DEWEY
Número de clasificación 346.048
Número del ítem I61i1
245 1# - MENCION DE TITULO
Título Integrating intellectual property rights and development policy
260 ## - PUBLICACION, DISTRIBUCION, ETC. (PIE DE IMPRENTA)
Lugar de publicación, distribución, etc. London
Nombre del editor, distribuidor, etc. Commission on Intellectual Property Rights
Fecha de publicación, distribución, etc. 2002
300 ## - DESCRIPCION FISICA
Extensión 178 paginas.
Otros detalles físicos ilustraciones. ;
Dimensiones 29 x 21 cm
650 #4 - ASIENTO SECUNDARIO DE MATERIA - TERMINO TEMATICO
Término temático o nombre geográfico como elemento de entrada Propiedad intelectual.
9 (RLIN) 61004
650 #4 - ASIENTO SECUNDARIO DE MATERIA - TERMINO TEMATICO
Término temático o nombre geográfico como elemento de entrada política de desarrollo
9 (RLIN) 61005
942 ## - ELEMENTOS ADICIONALES (KOHA)
Tipo de ítem Libro
Sistema de clasificación Dewey Decimal Classification
945 ## - PROCESAMIENTO LOCAL
AAAA-MM-DD - Fecha de ingreso o modificacion 2004-01-27
Existencias
Withdrawn status Lost status Sistema de Clasificación Damaged status No para préstamo Colección Inventariado Ubicación Permanente Ubicación actual Fecha de adquisición Fuente de Valor Valor Total Checkouts Número topográfico Inventario / Código de Barras Date last seen Ejemplar Price effective from Forma de adquisición Tipo de material
    Dewey Decimal Classification     General Inventariado 2017 Bogotá Bogotá 27/01/2004 Instituto 15000.00   LB-346.048 I61i1 015311 04/12/2012 Ej. 1 04/12/2012   Libro
    Dewey Decimal Classification     General Inventariado 2017 Sala Fabio Quevedo Sala Fabio Quevedo 09/08/2004 Instituto 15000.00   LB-346.048 I61i1 016399 04/12/2012 Ej. 2 04/12/2012 Donación Libro